书目信息 |
| 题名: |
误差处理与可靠性理论
|
|
| 作者: | 李德仁 , 袁修孝 著 | |
| 分册: | ||
| 出版信息: | 武汉 武汉大学出版社 2002 |
|
| 页数: | 417页 | |
| 开本: | 24cm | |
| 丛书名: | ||
| 单 册: | ||
| 中图分类: | P207 | |
| 科图分类: | ||
| 主题词: | 摄影测量法--测量平差--高等学校--教材 | |
| 电子资源: | ||
| ISBN: | 7-307-03474-3 | |
| 000 | 00734nam0 2200217 45 | |
| 005 | 20050703095804.03 | |
| 010 | @a7-307-03474-3@dCNY 40.00 | |
| 100 | @a20021010d2002 ekmy0chiy0121 ea | |
| 101 | 0 | @achi |
| 102 | @aCN@b420000 | |
| 105 | @aak z 000yy | |
| 200 | 1 | @a误差处理与可靠性理论@Awu cha chu li yu ke kao xing li lun@dError processing and reliability theory@f李德仁,袁修孝著@zeng |
| 210 | @a武汉@c武汉大学出版社@d2002 | |
| 215 | @a417页@c图, 表格@d24cm | |
| 510 | 1 | @aError processing and reliability theory@zeng |
| 606 | 0 | @a摄影测量法@x测量平差@x高等学校@j教材 |
| 690 | @aP207@v3 | |
| 701 | 0 | @a李德仁@Ali de ren@4著 |
| 701 | 0 | @a袁修孝@Ayuan xiu xiao@4著 |
| 801 | 0 | @aCN@bQSSKf@c20050703 |
| 905 | @a10447@dP207@eL147 | |
| 误差处理与可靠性理论=Error processing and reliability theory/李德仁,袁修孝著.-武汉:武汉大学出版社,2002 |
| 417页:图, 表格;24cm |
| ISBN 7-307-03474-3:CNY 40.00 |
| ● |
| 相关链接 |
|
|
|
正题名:误差处理与可靠性理论
索取号:P207/L147
 
预约/预借
| 序号 | 登录号 | 条形码 | 馆藏地/架位号 | 状态 | 备注 |
| 1 | 441692 | 204416925 | 社科二线400B/400B社科库 9排4列1层/ [索取号:P207/L147] | 在馆 | |
| 2 | 441693 | 204416934 | 社科二线400B/400B社科库 32排1列3层/ [索取号:P207/L147] | 在馆 | |
| 3 | 441694 | 204416943 | 社科二线400B/400B社科库 9排4列2层/ [索取号:P207/L147] | 在馆 | |
| 4 | 441695 | 204416952 | 社科二线400B/400B社科库 9排4列1层/ [索取号:P207/L147] | 在馆 | |
| 5 | 441696 | 204416961 | 社科二线400B/400B社科库 9排4列1层/ [索取号:P207/L147] | 在馆 | |
| 6 | 539390 | 205393901 | 社科二线400B/400B社科库 9排3列4层/ [索取号:P207/L147] | 在馆 | |
| 7 | 539391 | 205393910 | 社科二线400B/400B社科库 9排4列2层/ [索取号:P207/L147] | 在馆 | |
| 8 | 539392 | 205393929 | 自科库401/401自科库 114排1列5层/ [索取号:P207/L147] | 在馆 |